[Event "Marmaris Karya-13 IM 2022"]
[Site "Icmeler-Marmaris"]
[Date "2022.01.26"]
[Round "4.4"]
[White "Karadag, Eflatun Cem"]
[Black "Ozsakallioglu, Okan"]
[Result "1/2-1/2"]
[WhiteElo "1827"]
[BlackElo "2179"]
[Annotator "TA"]
[PlyCount "125"]
[EventDate "2022.01.27"]
[EventType "schev"]
[EventCountry "TUR"]
[SourceTitle "playchess.com"]
[Source "ChessBase"]
[SourceQuality "1"]

{[%evp 30,125,0,0,0,0,0,-71,-15,-30,0,-10,0,0,0,0,35,33,31,19,35,20,10,0,0,-54,104,123,83,103,177,143,144,92,100,99,90,77,326,0,377,382,362,349,327,0,0,0,0,0,0,0,0,0,0,0,0,0,0,-207,0,0,0,0,1,0,0,0,27,0,135,135,128,81,81,0,127,0,65,0,196,128,190,118,118,0,111,65,65,0,73,73,80,0,0,0,111,0]} 1. e4 c5 2. Nf3 e6 3. d3 Nc6 4. g3 Nf6 5. Bg2 d5 6. Nbd2 Be7 7. O-O b6 8. Re1 Bb7 9. e5 Nd7 10. h4 Qc7 11. Qe2 h6 12. Nf1 O-O-O 13. c3 Rdg8 14. N1h2 g5 15. hxg5 hxg5 16. Ng4 Rh5 {C00: French: Unusual White 2nd moves.} 17. Bd2 Rgh8 {[#]} 18. Rac1 $146 (18. b4 $11) ({Predecessor:} 18. b4 Qd8 19. b5 Na5 20. Kf1 c4 21. d4 Qg8 22. Qe3 Qg6 23. Ng1 Rg8 24. Bf3 {0-1 (40) Maitesian,S (2280)-Vallin,G (2420) France 2010}) 18... R8h7 (18... d4 $17) 19. b4 Qd8 {[%cal Od5d4]} (19... d4 $5 {[%cal Rc7d8]}) 20. d4 Qh8 {[%cal Oh5h1] ( -> ...Rh1+!)} 21. Kf1 cxb4 22. cxb4 Rh1+ 23. Ng1 Kb8 {[%csl LRb4,LRd4] [#]} 24. Rxc6 Bxc6 25. b5 $36 {[%mdl 2048] White has some pressure.} Bb7 26. Bxh1 Rxh1 {[%csl Gh1][%cal Rh8h3]} 27. Qf3 (27. f3 $11) 27... Nc5 $2 28. dxc5 $16 bxc5 29. Ke2 Qh7 (29... d4 $16 {might work better.} 30. Qxf7 Qd8) 30. Nf6 Bxf6 31. Qxf6 {aiming for Qd8+.} ({Stronger than} 31. exf6 d4 32. Qa3 Rh2 $17) 31... Qe4+ 32. Kf1 $1 Qd3+ 33. Re2 {Qd8+ is the strong threat.} Qxb5 $2 (33... Rxg1+ $16 34. Kxg1 Qxe2) 34. Qd8+ $1 $18 Bc8 {[%cal Oh1g1]} 35. Ba5 Kb7 {[%cal Oh1g1,Bb8b7,Bb7a6,Ba6a5,Ba5b4,Bb4c3][%mdl 32]} 36. Qc7+ Ka6 {[#]} 37. Qxc8+ $2 ({White should try} 37. a4 $1 $18 Qb7 (37... Rxg1+ 38. Kxg1) 38. Qxc5) 37... Kxa5 $11 38. Qc7+ Kb4 {White must now prevent ...Kc3.} 39. Qxf7 {Threatens to win with Qf3.} Rxg1+ {[%mdl 64] Remove Defender} 40. Kxg1 {Rb2+ would kill now.} Qxe2 41. Qxe6 {[%mdl 4096] Endgame KQ-KQ} Qe1+ 42. Kg2 Qe4+ 43. Kh3 Kc3 44. Qe7 $2 (44. Qd6 $11 c4 45. e6) 44... Kd4 $2 (44... c4 $19 {Strongly threatening ...g4+.} 45. Qxg5 Kd4) 45. e6 Qf5+ 46. Kg2 Ke5 $1 47. Qxc5 Kxe6 48. Qxa7 Qe4+ 49. Kf1 {Hoping for Qe3.} d4 {Inhibits Qe3.} (49... Qb1+ $11 50. Kg2 Qe4+ 51. f3 Qe2+ 52. Qf2 Qc4) 50. Qa6+ $1 $16 Kf5 51. Qb5+ (51. Qc4 $142 $1 {[%cal Rc4f7]}) 51... Kg6 52. Qa6+ (52. Qc4 $16) 52... Kf7 (52... Kf5 $11) 53. Qa7+ (53. Qc4+ $16 Kg6 54. a4) 53... Ke6 $14 54. Qa6+ (54. Qb6+ $14 Kd7 55. Qb4) 54... Kd7 $2 {[#]} (54... Kf7 $11 {and Black is okay.}) 55. Qb5+ ({Better is} 55. Qc4 $1 $18) 55... Kd6 (55... Kc7 $16) 56. Qb6+ ({Inferior is} 56. Qxg5 Qb1+ 57. Kg2 Qe4+ 58. Kh2 Qh7+ 59. Kg2 Qe4+ 60. Kh3 d3 $11) (56. Qc4 $18) 56... Ke7 57. Qa7+ (57. Qb4+ $16 Kd7 58. a4) 57... Kf8 (57... Kf6 $11) 58. Qb8+ (58. Qc5+ $16 Kf7 59. Qc4+ (59. Qxg5 Qb1+ 60. Ke2 d3+ 61. Kf3 Qh1+ 62. Kg4 Qe4+ 63. Kh3 Qh1+ 64. Kg4 Qe4+ 65. Kh3 Qh1+ 66. Kg4 $11) 59... Kg6 60. a4) 58... Kg7 59. Qa7+ (59. Qc7+ $14 Kh6 60. Qc4) 59... Kh6 (59... Kf6 $11) 60. Qa6+ $16 Kg7 {[#]} 61. Qa7+ (61. Qc4 $1 $16) 61... Kg6 $11 62. Qa6+ (62. Qa4 $11) 62... Kf5 $16 63. Qb5+ {Weighted Error Value: White=0.42/Black=0.54} ({White should play} 63. Qc4 $16) 1/2-1/2

[Event "Marmaris Karya-13 IM 2022"]
[Site "Icmeler-Marmaris"]
[Date "2022.01.26"]
[Round "4.5"]
[White "Boshra, Alshaeby"]
[Black "Ahmad, Al Khatib"]
[Result "0-1"]
[WhiteElo "1974"]
[BlackElo "2218"]
[Annotator "TA"]
[PlyCount "54"]
[EventDate "2022.01.27"]
[EventType "schev"]
[EventCountry "TUR"]
[SourceTitle "playchess.com"]
[Source "ChessBase"]
[SourceQuality "1"]

{[%evp 10,54,47,53,60,13,25,5,65,0,193,28,23,14,45,0,0,7,27,11,18,-73,-49,-151,-149,-148,-137,-177,127,-389,-409,-411,-397,-400,-318,-297,-162,-164,-158,-157,-70,-172,-31,-72,-74,-5414,-2277]} 1. e4 c5 2. Nc3 e6 3. Nf3 d5 4. exd5 exd5 5. Bb5+ Nc6 6. O-O Nf6 {B40: Sicilian: 2...e6, Unusual lines.} 7. Bxc6+ ({Don't play} 7. Ng5 Be7 $15) (7. d4 $14 {was preferrable.}) 7... bxc6 $11 8. d4 {[#]} cxd4 $146 ({Black should try} 8... Bd6 $11) ({Predecessor:} 8... Be7 9. Re1 O-O 10. Bg5 Bg4 11. Bxf6 Bxf6 12. dxc5 Rb8 13. Rb1 Qa5 14. Qd3 Qxc5 {0-1 (41) Frowein,K (1377)-Ricken,K (2030) Playchess.com INT 2020}) 9. Qxd4 (9. Nxd4 $14 Bd7 10. Re1+ Be7 11. Qe2) 9... c5 $2 {[#]} (9... Be7 $11) 10. Qa4+ $2 (10. Re1+ $1 $18 Be6 11. Qa4+ Qd7 12. Nb5) 10... Bd7 11. Qa6 {Threatens to win with Bg5.} Qb6 12. Qxb6 (12. Re1+ $14 {feels stronger.} Be7 13. Qe2) 12... axb6 13. Re1+ Be6 14. Bf4 (14. Nb5 {is interesting.} Kd7 15. Bf4 Ne8 16. Ne5+ Kc8 17. h4) 14... Be7 15. Rad1 (15. Ng5 $11 {keeps the balance.}) 15... O-O {White must now prevent ...d4.} 16. h3 (16. a3 $15) 16... d4 $17 17. Nb5 Rxa2 18. Nc7 Nd5 $2 ({Weaker is} 18... Nh5 19. Bh2 $11) (18... Rxb2 $19 19. Rd2 (19. Nxe6 $2 fxe6 20. Rd2 Nd5 $19) 19... Rd8 20. Nxe6 fxe6) 19. Bh2 $2 {[%mdl 8192]} (19. Nxd5 $16 {is forced if you want to stay better.} Bxd5 20. Rxe7) 19... Nxc7 $19 20. Bxc7 Rxb2 21. Rb1 Rxb1 22. Rxb1 Bd8 (22... Bf5 $142 23. Re1 Bd8) 23. Bxd8 Rxd8 24. Rxb6 Bf5 (24... Kf8 $17 {aiming for ...Ke7.} 25. Rb5 c4) 25. Rc6 ({Better is} 25. Rb5 $15) 25... Bxc2 (25... Rc8 $19 26. Rxc8+ Bxc8) 26. Rxc5 (26. Nxd4 $15 {is more appropriate.} cxd4 27. Rxc2) 26... d3 $17 {[%cal Bd4d3,Bd3d2][%mdl 32]} 27. Ne5 $2 {[%mdl 8192] [#]} (27. Nd2 $17) 27... d2 $1 {Weighted Error Value: White=0.92/Black=0.73} 0-1

[Event "Marmaris Karya-13 IM 2022"]
[Site "Icmeler-Marmaris"]
[Date "2022.01.26"]
[Round "5.1"]
[White "Sibashvili, Giorgi"]
[Black "Kirilmaz, Emre"]
[Result "1-0"]
[WhiteElo "2398"]
[BlackElo "2229"]
[Annotator "TA"]
[PlyCount "133"]
[EventDate "2022.01.27"]
[EventType "schev"]
[EventCountry "TUR"]
[SourceTitle "playchess.com"]
[Source "ChessBase"]
[SourceQuality "1"]

{[%evp 27,133,-12,0,0,18,22,14,0,8,-8,-8,-11,-8,-5,0,0,0,0,0,0,12,21,22,15,25,25,19,20,20,19,21,22,31,28,35,12,21,0,35,23,58,58,129,138,151,135,139,140,151,145,173,116,214,204,234,200,214,214,206,176,167,99,298,309,375,280,279,287,282,290,1200,1170,1654,1593,1072,1511,2276,2117,1724,1061,1363,1194,1438,604,788,762,725,732,4710,992,1735,1862,1325,1560,1178,1096,1011,747,572,795,29985,29980,29993,29993,29993,29994,29996,594]} 1. e4 c6 2. d4 d5 3. Nc3 dxe4 4. Nxe4 Bf5 5. Ng3 Bg6 6. Nf3 Nd7 7. h4 h6 8. h5 Bh7 9. Bd3 Bxd3 10. Qxd3 Ngf6 11. Bf4 Qa5+ 12. Bd2 Qc7 13. O-O-O {was the old line (13.Ne4).} e6 14. c4 Bd6 15. Ne4 {B19: Classical Caro-Kann: 4...Bf5 main line.} Bf4 16. Kb1 {[%cal Od4d5]} Bxd2 17. Nfxd2 {[%cal Bf3d2,Bd2e4,Be4c5][%mdl 32] The position is equal.} O-O 18. Nxf6+ Nxf6 19. Ne4 Qf4 {[#]} 20. f3 $146 ({Predecessor:} 20. Nxf6+ Qxf6 21. Qg3 Rad8 22. Qh4 Qf5+ 23. Ka1 Rd7 24. Rd2 Rfd8 25. Rh3 Qa5 26. Rhd3 {0-1 (66) Zdebskaja,N (2329)-Kornev,A (2536) St Petersburg 2002}) 20... Rad8 21. g3 Qf5 22. g4 Qf4 {[%cal Ob7b5]} 23. Rhe1 Rd7 24. Nc5 Re7 25. Qa3 Rfe8 26. Qe3 ({Weaker is} 26. Qxa7 Qxf3 27. Qb6 Qxg4 $17) 26... Qxe3 27. Rxe3 Rd8 28. Kc2 b6 29. Ne4 Ne8 (29... Red7 {is interesting.} 30. Kc3 b5 31. b4 Nxe4+ 32. Rxe4 bxc4 33. a4 Rd5) 30. a4 Red7 31. Red3 Kf8 32. b4 Ke7 (32... f5 $5 {[%cal Rf5e4]} 33. Nf2 Nf6 $11) 33. b5 cxb5 34. axb5 f5 (34... Nf6 $14) 35. gxf5 $16 {White is more active.} exf5 36. Ng3 Nd6 37. Kb3 Rc8 38. Rc3 Kf6 39. Kb4 (39. Ne2 $1 $18) 39... Nb7 {[#]} (39... Re8 $16) 40. Ne2 $1 $18 Nc5 41. Nf4 Ne6 42. Nd5+ Kf7 43. Re3 Nc7 {[#]} 44. Nf4 (44. Nxc7 $1 $18 Rdxc7 45. Rc3) 44... Rcd8 $2 {Black cannot hold the game after this.} (44... a6 $16) 45. d5 Ne8 46. Ne6 Rc8 47. Rg1 Re7 48. Rge1 Nd6 $2 {[#]} (48... Rd7 49. Rg1 Kg8) 49. Nd8+ $1 {[%mdl 512]} Ke8 (49... Rxd8 50. Rxe7+) 50. Rxe7+ Kxd8 {[%mdl 4096] Endgame KRR-KRN} 51. Kb3 Rc5 52. Rxg7 Nxc4 53. Rxa7 {Black must now prevent Rg1.} Nd2+ 54. Kb2 {Threatens to win with Rg1.} Nxf3 55. Rf1 (55. Re6 $142 Rxb5+ 56. Kc3 Rc5+ 57. Kb4) 55... Rxb5+ 56. Kc3 Rc5+ 57. Kb4 Nd4 58. Rd1 (58. Rg1 $142 Nc2+ 59. Ka4 Ra5+ 60. Rxa5 bxa5 61. Rg6) 58... Nc2+ 59. Kb3 {Hoping for Rg1.} Ne3 60. Rg1 {[%cal Rg1g8]} Ng4 61. d6 Rd5 62. Rg7 {Strongly threatening Ra1.} Rd3+ 63. Kb4 {White threatens Ra1 and mate.} Ne5 64. Ra1 {[%cal Ra1a8] White mates.} Rd4+ 65. Kc3 {[%cal Ra1a8]} Rc4+ 66. Kb3 Rc8 67. Rg8+ {Weighted Error Value: White=0.23 (precise) /Black=0.24 (precise)} (67. Raa7 $142 Rc3+ 68. Kxc3 Nd7 69. Rg8+ Nf8 70. Rxf8#) 1-0

[Event "Marmaris Karya-13 IM 2022"]
[Site "Icmeler-Marmaris"]
[Date "2022.01.26"]
[Round "5.2"]
[White "Blesic, Vaso"]
[Black "Kaya, Serhat"]
[Result "1-0"]
[WhiteElo "2276"]
[BlackElo "1705"]
[Annotator "TA"]
[PlyCount "87"]
[EventDate "2022.01.27"]
[EventType "schev"]
[EventCountry "TUR"]
[SourceTitle "playchess.com"]
[Source "ChessBase"]
[SourceQuality "1"]

{[%evp 17,87,14,29,0,39,-41,-56,-136,-120,-165,-155,-159,-171,-177,-124,-135,-140,-138,-8,-9,-10,-9,-12,-8,-8,-7,0,-6,85,86,89,101,171,178,183,173,331,329,331,331,339,338,331,331,371,364,372,331,712,712,712,683,614,589,4105,3929,4237,4169,2767,1849,4133,3263,4057,3569,2830,2666,1833,1705,29970,29966,8182,5739]} 1. Nf3 Nf6 2. g3 d5 3. Bg2 g6 4. c4 c6 5. O-O Bg7 6. Qb3 O-O 7. d4 dxc4 8. Qxc4 Bf5 9. Nc3 Nbd7 10. Bf4 {D78: Fianchetto Grünfeld: 6 0-0 c6.} Rc8 11. Rfd1 (11. Qb3 $14) 11... Bc2 $15 {[#] And now ...b5 would win.} 12. a4 $146 {Prevents b5.} (12. e4 $1 $15 Bxd1 13. Rxd1) ({Predecessor:} 12. e4 Bxd1 13. Rxd1 Qa5 14. b4 Qa3 15. Bc1 Qa6 16. Qxa6 bxa6 17. Bf1 Rb8 18. Ba3 {0-1 (26) Romero Holmes,A (2415)-Roeschlau,B (2285) Groningen 1988}) 12... Nb6 13. Qb4 (13. Qa2 $17 {might work better.}) 13... Bxd1 14. Rxd1 Nfd5 15. Nxd5 Qxd5 ({Stronger than} 15... cxd5 16. b3 $17) ({Black should play} 15... Nxd5 $19 16. Qxb7 Nxf4 17. gxf4 Qc7 18. Qxc7 Rxc7) 16. Ne5 Qa2 17. a5 {[#]} Qa4 18. Qxa4 $11 Nxa4 19. a6 $1 bxa6 {aiming for ...Bxe5.} 20. Nxc6 Rfe8 21. Ra1 Nxb2 {[%cal Og7d4]} 22. Rxa6 e5 (22... e6 $11 {keeps the balance.}) 23. dxe5 $16 {Black is on the road to losing.} Nc4 {[%cal Rc4e5]} 24. Rxa7 {White is more active.} Nxe5 (24... Bxe5 $16 25. Ne7+ Rxe7 26. Rxe7 Bxf4) 25. Ne7+ $18 Rxe7 26. Rxe7 Kf8 $2 (26... f6 27. Bd5+ Kh8) 27. Rxe5 ({Much less strong is} 27. Bxe5 Kxe7 28. Bxg7 Rc2) 27... Bxe5 28. Bxe5 Rc1+ 29. Bf1 Ke7 30. Kg2 g5 31. e3 g4 32. Bf4 f5 $2 (32... Kf6 33. e4 Ra1 34. e5+ Kg7) 33. e4 Rc5 34. exf5 Rxf5 35. Bd3 Rf7 36. h3 gxh3+ 37. Kxh3 Kf6 38. Kg4 Rd7 39. Be4 Ra7 40. Kh5 Ra1 41. Be3 Rg1 42. Kh6 {White wants to mate with Bf3.} Re1 43. Kxh7 Ke5 44. Bf3 {Weighted Error Value: White=0.20 (precise) /Black=0.42} 1-0

[Event "Marmaris Karya-13 IM 2022"]
[Site "Icmeler-Marmaris"]
[Date "2022.01.26"]
[Round "5.3"]
[White "Darban, Morteza"]
[Black "Karadag, Eflatun Cem"]
[Result "1-0"]
[WhiteElo "2261"]
[BlackElo "1827"]
[Annotator "TA"]
[PlyCount "73"]
[EventDate "2022.01.27"]
[EventType "schev"]
[EventCountry "TUR"]
[SourceTitle "playchess.com"]
[Source "ChessBase"]
[SourceQuality "1"]

{[%evp 25,73,4,14,6,15,0,39,29,40,24,31,18,9,6,9,0,30,34,36,7,160,171,117,50,237,230,404,397,379,405,387,393,383,379,366,350,424,410,594,581,422,408,647,612,1345,1278,1212,1465,1254,1237]} 1. e4 e5 2. Nf3 Nc6 3. Bb5 a6 4. Bxc6 dxc6 5. O-O f6 6. d4 exd4 7. Nxd4 c5 8. Ne2 Qxd1 9. Rxd1 Bd7 10. Nbc3 O-O-O 11. Be3 Bd6 12. Bf4 Bxf4 13. Nxf4 Ne7 14. f3 {C69: Ruy Lopez: Exchange Variation with 5 0-0 f6.} b6 {[#]} 15. Rd2 $146 ({Predecessor:} 15. Ncd5 Nc6 16. Kf2 f5 17. exf5 Bxf5 18. Ne3 Bd7 19. Rd2 Rhf8 20. Nfd5 Rf7 21. Rad1 Be6 {0-1 (57) Can,I (2265)-Saptarshi,R (2449) Djenovici 2017}) 15... g6 16. Rad1 {Black must now prevent Nfd5. White is slightly better.} Bc6 17. Rxd8+ Rxd8 18. Rxd8+ Kxd8 $14 {[%mdl 4096] Endgame KBN-KNN} 19. Kf2 Kd7 20. h4 b5 21. Ke3 Kd6 22. a3 Be8 $2 (22... a5 $11) 23. Nfd5 $16 Ng8 24. g4 {White is more active.} (24. Kf4 $16) 24... h6 $2 {[#] This move loses the game for Black.} (24... c6 $14) 25. Kf4 $1 $18 a5 $2 {[#]} (25... b4) 26. Nxf6 $1 {[%mdl 512]} Nxf6 27. e5+ Ke6 28. exf6 Kxf6 {[#] KB-KN} 29. Nd5+ $1 Kf7 30. Ke5 (30. Nxc7 Bc6 31. Na6 c4 $16) 30... b4 31. f4 {Inhibits g5.} bxa3 (31... Ba4 $142 32. c4 (32. Nxc7 Bxc2 33. Nb5 Bb3 $14) 32... bxa3 33. bxa3 Bb3) 32. bxa3 Ba4 33. c3 {Threatens to win with g5.} Bd1 (33... g5 $142 34. hxg5 hxg5 35. fxg5 (35. Nxc7 gxf4 36. Kxf4 Kg6 $18) 35... Kg6) 34. g5 {White is clearly winning.} hxg5 35. hxg5 c6 36. Ne3 Bf3 37. Kd6 {Weighted Error Value: White=0.06 (flawless) /Black=0.74} 1-0

[Event "Marmaris Karya-13 IM 2022"]
[Site "Icmeler-Marmaris"]
[Date "2022.01.26"]
[Round "5.4"]
[White "Ozsakallioglu, Okan"]
[Black "Boshra, Alshaeby"]
[Result "1-0"]
[WhiteElo "2179"]
[BlackElo "1974"]
[Annotator "TA"]
[PlyCount "97"]
[EventDate "2022.01.27"]
[EventType "schev"]
[EventCountry "TUR"]
[SourceTitle "playchess.com"]
[Source "ChessBase"]
[SourceQuality "1"]

{[%evp 20,97,8,7,18,12,20,19,14,21,7,0,25,0,0,0,0,0,0,0,0,0,16,14,18,3,62,0,0,0,0,0,51,0,29,0,0,-34,0,-4,52,48,48,53,53,49,42,52,53,60,189,-87,-60,-74,0,-33,-39,-45,-38,-38,-25,-33,0,-44,0,0,0,0,20,21,38,3,55,56,2355,2296,1806,1670,29985,29986]} 1. Nf3 Nf6 2. c4 g6 3. g3 Bg7 4. Bg2 O-O 5. O-O d6 6. d4 c6 7. Nc3 Bf5 8. Nh4 Be6 9. d5 cxd5 10. cxd5 Bd7 11. e4 Na6 {E62: King's Indian: Fianchetto: 6...c6 and Panno Variation (6...Nc6) without ...a6.} 12. Be3 Ng4 13. Bd4 Bxd4 {The position is equal.} 14. Qxd4 Qb6 $132 {[%mdl 2048] Black has counterplay} 15. Qd2 {[#]} Nc5 $146 ({Predecessor:} 15... Ne5 16. b3 Rac8 17. Kh1 Rc7 18. Rfc1 Rfc8 19. Nd1 Rxc1 20. Rxc1 Rxc1 21. Qxc1 Qa5 {0-1 (32) Justo,D (2314)-Manolache,M (2495) Cappelle la Grande 2016}) 16. h3 Ne5 17. Kh2 Rac8 18. Rab1 a5 19. f4 Nc4 ({Don't play} 19... Ned3 20. Rf3 $16) 20. Qe2 Qa6 21. e5 Nb6 22. Qe3 Qd3 (22... Nc4 $1 $11 23. Qe2 Nb6) 23. Qe1 (23. Qg1 $14) 23... Nc4 $11 24. Rf2 {[#] Prevents Qd2. Strongly threatening Bf1.} Ne3 25. Bh1 Nc2 (25... dxe5 $11 26. fxe5 b5) 26. Qc1 (26. Qg1 $1 $14 Ne3 27. Re2) 26... Nb4 27. Rd2 Qc4 28. Qf1 Qxf1 29. Rxf1 Na4 (29... dxe5 $11 30. fxe5 Nbd3) 30. e6 $14 fxe6 31. dxe6 Be8 {[%cal Oa4b2]} 32. a3 Nxc3 33. axb4 g5 $1 34. Ng2 ({Much worse is} 34. Bxb7 Rb8 35. bxc3 Rxb7 $11) 34... Bb5 35. Rc1 $2 (35. Re1 $18) 35... Ne4 $17 ({Resist} 35... axb4 36. bxc3 Rxc3 37. Re1 $16) 36. Rxc8 Rxc8 ({Black should play} 36... Nxd2 $17 {[%cal Rd2f3]} 37. Rxf8+ Kxf8) 37. Rd4 (37. Rd5 $5 {[%cal Rd5b5]} Bc6 38. Rd4 $15) 37... Nf2 {[#] Threatens to win with ...Rc1.} 38. Ne3 Nxh1 39. Kxh1 $15 {[%mdl 4096] Endgame KRB-KRN} Rc1+ 40. Kg2 Rb1 41. Kf3 (41. bxa5 $11 {feels stronger.} Bc6+ 42. Nd5) 41... Rxb2 (41... a4 $1 $15 42. Rd2 Bc6+ 43. Kg4 gxf4 44. Kxf4 Kg7) 42. bxa5 $11 Be2+ 43. Ke4 gxf4 44. Kxf4 {And now Nd5 would win.} Kf8 45. g4 Bb5 (45... Ra2 $11) 46. Kg5 {Black must now prevent Rf4+.} Be8 $2 {[%mdl 8192]} (46... Re2 $14 47. Rf4+ Kg8) 47. Rf4+ $18 Kg8 48. Nf5 {Kh6 would kill now.} Rb5 49. Kh6 {Weighted Error Value: White=0.20 (precise) /Black=0.39} 1-0

[Event "Marmaris Karya-13 IM 2022"]
[Site "Icmeler-Marmaris"]
[Date "2022.01.26"]
[Round "5.5"]
[White "Ahmad, Al Khatib"]
[Black "Haussernot, Cecile"]
[Result "1-0"]
[WhiteElo "2218"]
[BlackElo "2188"]
[Annotator "TA"]
[PlyCount "65"]
[EventDate "2022.01.27"]
[EventType "schev"]
[EventCountry "TUR"]
[SourceTitle "playchess.com"]
[Source "ChessBase"]
[SourceQuality "1"]

{[%evp 16,65,64,41,65,56,64,65,76,76,72,69,114,121,105,110,150,108,126,111,111,89,172,168,169,181,197,98,258,243,540,520,483,399,508,363,448,434,637,635,634,576,29986,29987,29992,29993,29993,29994,29995,29996,29996,29995]} 1. e4 g6 2. d4 Bg7 3. Nc3 d6 4. Nf3 c6 5. a4 a5 6. Be3 Nf6 7. h3 Qc7 8. Be2 O-O 9. O-O Nbd7 {B08: Pirc Defence: Classical System.} 10. Nd2 b6 11. f4 {[%cal Bf2f4,Bf4f5][%mdl 32]} e5 {[#] White is slightly better.} 12. dxe5 $1 dxe5 {[#]} 13. f5 $146 ({Predecessor:} 13. Nc4 Ba6 14. Nxe5 Bxe2 15. Qxe2 Nxe5 16. fxe5 Qxe5 17. Bxb6 Rab8 18. Qe3 Nd5 19. exd5 cxd5 20. Qxe5 Bxe5 21. Bxa5 Rxb2 22. Nxd5 Rxc2 {½-½ (37) Dawson,A (1900)-Pitzl,K (2055) Dresden 2013}) 13... Ba6 (13... gxf5 $14 {deserves consideration.} 14. Rxf5 Nc5) 14. Bxa6 $16 Rxa6 15. g4 Re8 16. Qe1 (16. Qe2 $142 Raa8 17. Rad1) 16... Raa8 17. Qh4 b5 18. Rf2 {White is more active.} b4 (18... Qd6 $16 {was necessary.}) 19. Ne2 $18 c5 {[#]} 20. Ng3 $1 {Hoping for g5.} Rec8 21. Raf1 (21. b3 $18) 21... Qc6 $2 {This costs Black the game.} (21... c4 $16) 22. Bh6 ({Don't do} 22. g5 $6 Ne8 $16) 22... Ne8 (22... Bxh6 23. Qxh6 Kh8) 23. Bxg7 Nxg7 24. Nf3 {Black must now prevent Ng5.} Nf8 (24... f6 $2 25. fxg6 hxg6 26. Qh6 $18) 25. Nxe5 Qc7 26. Nf3 c4 (26... Re8 $142 27. e5 Rxe5 28. Nxe5 Qxe5) 27. e5 Ne8 28. Ng5 h6 {[#]} 29. fxg6 $1 {White mates.} hxg5 (29... f6 30. exf6) 30. gxf7+ Qxf7 31. Qxg5+ Qg6 32. Rxf8+ Kh7 33. Rh8+ {Weighted Error Value: White=0.21 (precise) /Black=0.85} 1-0

[Event "Marmaris Karya-13 IM 2022"]
[Site "Icmeler-Marmaris"]
[Date "2022.01.26"]
[Round "6.1"]
[White "Kaya, Serhat"]
[Black "Sibashvili, Giorgi"]
[Result "0-1"]
[WhiteElo "1705"]
[BlackElo "2398"]
[Annotator "TA"]
[PlyCount "64"]
[EventDate "2022.01.27"]
[EventType "schev"]
[EventCountry "TUR"]
[SourceTitle "playchess.com"]
[Source "ChessBase"]
[SourceQuality "1"]

{[%evp 17,64,0,0,-47,0,-66,-58,-73,-84,-88,-82,-68,0,-51,-49,-34,-62,-60,-34,-126,0,0,0,0,0,0,0,0,0,0,0,0,0,0,0,0,0,0,0,0,18,28,28,0,0,-426,-397,-383,-368]} 1. d4 Nf6 2. c4 c5 3. d5 e6 4. Nc3 exd5 5. cxd5 d6 6. e4 g6 7. f4 Bg7 8. Nf3 O-O 9. Bd3 b5 {White must now prevent ...c4.} 10. Nxb5 {A68: Modern Benoni: Four Pawns Attack without 9...Re8.} (10. e5 $11 {is more appropriate.} dxe5 11. fxe5) 10... Nxe4 11. O-O ({White should try} 11. Bxe4 $11 Re8 12. Nd2) 11... Re8 {[#]} 12. Ng5 $146 {Black is slightly better.} ({Predecessor:} 12. Re1 a6 13. Na3 Nf6 14. Nc4 Rxe1+ 15. Qxe1 Bg4 16. Be4 Nxe4 17. Qxe4 Nd7 18. h3 {0-1 (69) Alavi Moghaddam,S (2445)-Jones,G (2670) Chess.com INT 2020}) 12... Nxg5 13. fxg5 Qb6 $1 {Strongly threatening ...c4+.} 14. Kh1 Ba6 (14... Nd7 $1 $15) 15. Nc3 (15. Qa4 $11 Re7 16. Bd2) 15... Nd7 $15 {[%cal Bb8d7,Bd7f6,Bf6e4][%mdl 32]} 16. Bxa6 Qxa6 17. Bf4 {[%cal Bc1f4,Bf4d6,Bd6c5,Bc5a7,Ba7d4,Bd4g7][%mdl 32]} Rab8 18. Qf3 (18. Qd2 $15) 18... Rxb2 ({Black should play} 18... f5 $1 $17 19. gxf6 Nxf6) 19. Bxd6 $1 $11 f5 {Active counter play!} 20. gxf6 Nxf6 ({Don't take} 20... Bxf6 21. Ne4 (21. Bxc5 Re5 $17) 21... Rxe4 22. Qxe4 Qxd6 23. Qe6+ (23. Qe8+ $2 Kg7 $19) 23... Qxe6 24. dxe6 $16) 21. Bxc5 Qc4 $1 22. Bxa7 Rc2 23. Rac1 Rxc1 24. Rxc1 Ne4 {[%cal Re4c3]} 25. Ne2 ({But not} 25. Rf1 $2 Rf8 $1 26. Nxe4 Rxf3 27. Rxf3 Qxe4 $19) 25... Qxa2 26. Bd4 {Threatens to win with Rc7.} Ng5 27. Qc3 $36 {[%mdl 2048] White is more active.} Qxd5 28. Rf1 Qb5 29. Bxg7 {[%cal Og7h6] Hoping for Bh6!} Qxe2 {[%cal Re2f1]} 30. Rc1 Ne4 31. Qd4 {[%mdl 8192] [#]} (31. Qa1 $1 $11) 31... Nf2+ $1 $19 ({Worse is} 31... Qd2 32. Qxd2 Nxd2 33. Bh6 $11) 32. Kg1 {Bh6 is the strong threat.} Nd3 {Weighted Error Value: White=0.43/Black=0.12 (very precise)} 0-1